| 000 | 00575nam a2200169 4500 | ||
|---|---|---|---|
| 001 | 138492 | ||
| 003 | ES-MaACL | ||
| 005 | 20251014063210.0 | ||
| 007 | t| | ||
| 008 | 070214s1965 sp r ||||1| spa d | ||
| 100 | 0 |
_aSan Juan de Piedras Albas, María de los Dolores de Melgar, _cMarquesa de _9102250 |
|
| 245 | 1 | 0 |
_aApuntes biográficos de los reyes castellanos / _cMarquesa de San Juan de Piedras Albas. |
| 260 |
_aMadrid : _b[s. n.], _c1965 ( _fGráf. Diana) |
||
| 300 |
_a406 p. ; _c21 cm. |
||
| 852 |
_aES-MaACL _jC-28890 _bR.58310 |
||
| 999 |
_c138492 _d138492 |
||